[Event "2nd GMA World Cup prel  #1"]
[Site "Belgrade YUG"]
[Date "1988.??.??"]
[Round "?"]
[White "Tringov, Georgi"]
[Black "Nikolic, Sava N. R."]
[Result "1/2-1/2"]
[WhiteElo "2430"]
[BlackElo "2365"]
[EventDate "1988.12.??"]
[PlyCount "86"]

1.e4 e5 2.Nf3 d6 3.d4 exd4 4.Nxd4 Nf6 5.Nc3 Be7 6.Bf4 O-O 7.Qd2 c6 8.O-O-O
d5 9.exd5 Nxd5 10.Nxd5 Qxd5 11.c4 Qd8 12.Bd3 Na6 13.Nf5 Bf6 14.Rhe1 Be6 
15.Bd6 Re8 16.g4 b6 17.f4 Nc5 18.g5 Nxd3+ 19.Qxd3 Bxf5 20.Rxe8+ Qxe8 21.
Qxf5 Qe3+ 22.Kb1 Bd4 23.Be5 Bxe5 24.Qxe5 Qf3 25.Re1 Qd3+ 26.Ka1 g6 27.c5 
Rd8 28.a3 Qd2 29.cxb6 axb6 30.Qe3 Qxe3 31.Rxe3 Rd4 32.Rc3 c5 33.Rb3 Rxf4 
34.Rxb6 Rg4 35.Rb5 Rxg5 36.a4 Rg4 37.b3 c4 38.b4 c3 39.Ka2 Rg2+ 40.Kb3 c2 
41.Kb2 Rxh2 42.a5 c1=Q+ 43.Kxc1 Ra2 1/2-1/2

[Event "2nd GMA World Cup prel  #1"]
[Site "Belgrade YUG"]
[Date "1988.??.??"]
[Round "?"]
[White "Tringov, Georgi"]
[Black "Riemersma, Liafbern"]
[Result "1-0"]
[WhiteElo "2430"]
[BlackElo "2380"]
[EventDate "1988.12.??"]
[PlyCount "113"]

1.e4 c5 2.Nf3 d6 3.d4 cxd4 4.Nxd4 Nf6 5.Nc3 g6 6.Bc4 Bg7 7.h3 O-O 8.Bb3 
Nc6 9.Be3 a6 10.g4 Na5 11.f3 b5 12.Qd2 b4 13.Na4 Bd7 14.Qxb4 Rb8 15.Qa3 
Qc7 16.O-O-O Rfc8 17.Nc3 e6 18.Kb1 Bf8 19.Bd2 d5 20.Nxd5 Nxb3 21.Qxf8+ 
Kxf8 22.Bh6+ Kg8 23.Nxc7 Nxd4 24.Rxd4 Rxc7 25.Bf4 Rbc8 26.Bxc7 Rxc7 27.
Rhd1 Bb5 28.R1d2 g5 29.a4 Bf1 30.Rh2 a5 31.Rd1 Ba6 32.Rd8+ Kg7 33.Ra8 Rc6 
34.Rd2 Bf1 35.Rxa5 h6 36.b3 Rc3 37.Rf2 Bxh3 38.Kb2 Rc6 39.Rb5 Nd7 40.a5 
Ra6 41.b4 Ra7 42.c4 Kf6 43.Kc3 Ne5 44.Rh2 Bf1 45.Rxh6+ Ng6 46.Rh2 Nf4 47.
Rb6 Be2 48.Rf2 Rd7 49.a6 Rd3+ 50.Kc2 Bxf3 51.a7 Bxe4 52.a8=Q Re3+ 53.Qxe4 
Rxe4 54.Rc6 Ke5 55.b5 Ne2 56.Rc5+ Kd4 57.Rc8 1-0

[Event "2nd GMA World Cup prel  #1"]
[Site "Belgrade YUG"]
[Date "1988.??.??"]
[Round "?"]
[White "Tseitlin, Mikhail"]
[Black "Bjelajac, Milan"]
[Result "0-1"]
[WhiteElo "2455"]
[BlackElo "2370"]
[EventDate "1988.12.??"]
[PlyCount "82"]

1.e4 e6 2.d3 c5 3.Nf3 Nc6 4.g3 g6 5.Bg2 Bg7 6.O-O Nge7 7.Re1 O-O 8.e5 d6 
9.exd6 Qxd6 10.Nc3 b6 11.Bf4 Qd8 12.Qd2 Bb7 13.Bh6 Bxh6 14.Qxh6 Nf5 15.Qd2
Rb8 16.Ne4 Nfd4 17.Nh4 Nf5 18.Nxf5 exf5 19.Nc3 Nd4 20.Re3 Bxg2 21.Kxg2 Qd6
22.Ne2 Qc6+ 23.f3 Rbe8 24.Nxd4 cxd4 25.Ree1 Re3 26.Rxe3 dxe3 27.Qc3 Qe6 
28.d4 Rc8 29.Qd3 g5 30.c3 Re8 31.Re1 f4 32.Qb5 h6 33.h4 Rd8 34.gxf4 gxf4 
35.Rg1 Kh8 36.Kh2 Rg8 37.d5 Qe7 38.Rxg8+ Kxg8 39.Kg2 Qxh4 40.Qe8+ Kg7 41.
Qe5+ Qf6 0-1

[Event "2nd GMA World Cup prel  #1"]
[Site "Belgrade YUG"]
[Date "1988.??.??"]
[Round "?"]
[White "Tseshkovsky, Vitaly"]
[Black "Ilic, Dragan"]
[Result "1-0"]
[WhiteElo "2505"]
[BlackElo "2420"]
[EventDate "1988.12.??"]
[PlyCount "111"]

1.e4 e6 2.d4 d5 3.Nc3 Bb4 4.e5 c5 5.a3 Bxc3+ 6.bxc3 Ne7 7.Qg4 Qc7 8.Qxg7 
Rg8 9.Qxh7 cxd4 10.Ne2 Nbc6 11.f4 Bd7 12.Qd3 dxc3 13.Rb1 O-O-O 14.Nxc3 Na5
15.g3 a6 16.Ne2 Ba4 17.Nd4 Nec6 18.Nb3 Bb5 19.Qd1 Bxf1 20.Kxf1 Nc4 21.Kg2 
Rh8 22.c3 Rdg8 23.Qd3 Qe7 24.Nd4 Qh4 25.Nxc6 Qh3+ 26.Kf2 bxc6 27.Be3 Qg4 
28.Ba7 Kc7 29.Rb4 Qf5 30.Qxf5 exf5 31.Bc5 Rb8 32.a4 a5 33.Rxb8 Rxb8 34.h4 
Rb2+ 35.Kg1 Nd2 36.h5 Ne4 37.h6 Nxc5 38.h7 Rb8 39.h8=Q Rxh8 40.Rxh8 Nxa4 
41.g4 fxg4 42.f5 Kd7 43.e6+ Ke7 44.Rh7 Nxc3 45.Rxf7+ Ke8 46.f6 Ne4 47.Re7+
Kf8 48.Ra7 Nxf6 49.Rf7+ Ke8 50.Rxf6 Ke7 51.Rg6 c5 52.Kf2 a4 53.Rxg4 d4 54.
Rg5 c4 55.Rc5 c3 56.Ke2 1-0

[Event "2nd GMA World Cup prel  #1"]
[Site "Belgrade YUG"]
[Date "1988.??.??"]
[Round "?"]
[White "Tseshkovsky, Vitaly"]
[Black "Karaklajic, Nikola"]
[Result "1/2-1/2"]
[WhiteElo "2505"]
[BlackElo "2385"]
[EventDate "1988.12.??"]
[PlyCount "120"]

1.e4 e5 2.Nf3 Nc6 3.Bb5 Nf6 4.O-O Nxe4 5.d4 Nd6 6.Bxc6 dxc6 7.dxe5 Nf5 8.
Qxd8+ Kxd8 9.Nc3 Ke8 10.Ne2 Ne7 11.h3 Bf5 12.Ned4 Bd7 13.e6 Bxe6 14.Nxe6 
fxe6 15.Re1 Ng6 16.h4 Bd6 17.Rxe6+ Kd7 18.Re4 Rae8 19.Rg4 Re7 20.Be3 Ne5 
21.Nxe5+ Bxe5 22.Rd1+ Kc8 23.b3 b6 24.g3 Rd7 25.Rxd7 Kxd7 26.Kg2 c5 27.Kf3
Rf8+ 28.Ke2 Re8 29.Kd3 Re6 30.h5 Rd6+ 31.Ke2 Ke6 32.Re4 Kf6 33.g4 g6 34.
hxg6 hxg6 35.f3 Rd7 36.f4 Bd6 37.Kf3 Rh7 38.Bf2 Rh1 39.Re1 Rh2 40.Re2 Rh1 
41.Re1 Rh2 42.Rf1 Rh8 43.a4 a6 44.a5 Ke6 45.Bg3 Kd5 46.axb6 cxb6 47.Rd1+ 
Kc6 48.f5 Bxg3 49.Kxg3 gxf5 50.gxf5 c4 51.bxc4 Kc5 52.Kg4 Kxc4 53.f6 b5 
54.Ra1 Ra8 55.Kf5 Kc3 56.Ra2 a5 57.f7 a4 58.Kg6 Rd8 59.Kg7 a3 60.Rxa3+ 
Kxc2 1/2-1/2

[Event "2nd GMA World Cup prel  #1"]
[Site "Belgrade YUG"]
[Date "1988.??.??"]
[Round "?"]
[White "Tseshkovsky, Vitaly"]
[Black "Lin Ta"]
[Result "1-0"]
[WhiteElo "2505"]
[BlackElo "2380"]
[EventDate "1988.12.??"]
[PlyCount "85"]

1.e4 e5 2.Nf3 Nc6 3.Bb5 a6 4.Ba4 Nf6 5.O-O Be7 6.Re1 b5 7.Bb3 O-O 8.h3 Bb7
9.d3 d6 10.c3 Na5 11.Bc2 c5 12.Nbd2 Re8 13.Nf1 h6 14.Ne3 Bf8 15.Nh2 d5 16.
Nhg4 dxe4 17.dxe4 Nxg4 18.Qxg4 Qf6 19.Rd1 Rad8 20.Nd5 Bxd5 21.exd5 Nc4 22.
a4 g6 23.axb5 axb5 24.b3 Nd6 25.Ra6 e4 26.Bd2 Qe5 27.Qf4 Nf5 28.Qxe5 Rxe5 
29.c4 Nd4 30.Ra2 Ree8 31.Kf1 Bg7 32.Be3 f5 33.Bb1 Ra8 34.Rxa8 Rxa8 35.b4 
bxc4 36.bxc5 Nb5 37.d6 Nc3 38.Rc1 Kf7 39.c6 Ke6 40.d7 Bf6 41.Bf4 g5 42.Bc7
Ra1 43.Be5 1-0

[Event "2nd GMA World Cup prel  #1"]
[Site "Belgrade YUG"]
[Date "1988.??.??"]
[Round "?"]
[White "Tseshkovsky, Vitaly"]
[Black "Savon, Vladimir"]
[Result "1/2-1/2"]
[WhiteElo "2505"]
[BlackElo "2430"]
[EventDate "1988.12.??"]
[PlyCount "22"]

1.e4 e5 2.Nf3 Nc6 3.Bb5 a6 4.Ba4 Nf6 5.O-O Be7 6.Re1 b5 7.Bb3 d6 8.c3 O-O 
9.h3 Na5 10.Bc2 c5 11.d4 Nc6 1/2-1/2

[Event "2nd GMA World Cup prel  #1"]
[Site "Belgrade YUG"]
[Date "1988.??.??"]
[Round "?"]
[White "Ubilava, Elizbar"]
[Black "Murey, Jacob"]
[Result "1/2-1/2"]
[WhiteElo "2500"]
[BlackElo "2545"]
[EventDate "1988.12.??"]
[PlyCount "145"]

1.d4 Nf6 2.c4 c5 3.d5 d6 4.Nc3 g6 5.e4 Bg7 6.Bd3 O-O 7.Nge2 Nbd7 8.Bc2 Nb6
9.b3 e6 10.O-O exd5 11.exd5 Re8 12.Rb1 Nh5 13.h3 f5 14.f4 Ng3 15.Rf3 Nxe2+
16.Nxe2 Nd7 17.Bb2 Nf6 18.Bd3 Bd7 19.Qc2 a6 20.Nc3 Qa5 21.Rff1 b5 22.Rbe1 
bxc4 23.Bxc4 Rxe1 24.Rxe1 Ne4 25.Rc1 Bd4+ 26.Kh2 Re8 27.Ne2 Bxb2 28.Qxb2 
Bb5 29.Nc3 Bxc4 30.Nxe4 fxe4 31.bxc4 e3 32.Qe2 Qb4 33.Kg3 a5 34.Kf3 a4 35.
g4 a3 36.Rd1 Kf7 37.h4 Qb2 38.Re1 Qd4 39.Rd1 Qe4+ 40.Kg3 Rb8 41.Qf3 Qxf3+ 
42.Kxf3 Rb2 43.Re1 Rxa2 44.Rxe3 Rh2 45.Ke4 Ra2 46.Kf3 h6 47.g5 h5 48.Rb3 
Ke7 49.Rb7+ Ke8 50.f5 Ra1 51.fxg6 Kf8 52.Ra7 a2 53.Kg2 Kg8 54.Kh2 Rc1 55.
Rxa2 Rxc4 56.Kg3 Rg4+ 57.Kf3 c4 58.Ra6 c3 59.Ke2 Rg2+ 60.Kd3 Rd2+ 61.Kxc3 
Rxd5 62.Ra7 Re5 63.Rh7 Re6 64.Rh6 d5 65.Kd3 Kg7 66.Rh7+ Kg8 67.Rh6 Kg7 68.
Kd2 Rxg6 69.Rxg6+ Kxg6 70.Ke1 Kf5 71.Ke2 Ke6 72.Kd3 Kf5 73.Kd4 1/2-1/2

[Event "2nd GMA World Cup prel  #1"]
[Site "Belgrade YUG"]
[Date "1988.??.??"]
[Round "?"]
[White "Ubilava, Elizbar"]
[Black "Naumkin, Igor"]
[Result "0-1"]
[WhiteElo "2500"]
[BlackElo "2440"]
[EventDate "1988.12.??"]
[PlyCount "80"]

1.c4 e5 2.Nc3 Nf6 3.Nf3 Nc6 4.g3 Bb4 5.Bg2 O-O 6.O-O Bxc3 7.bxc3 Re8 8.d3 
e4 9.Nd4 exd3 10.exd3 h6 11.Rb1 Nxd4 12.cxd4 d5 13.h3 b6 14.c5 Nh7 15.Re1 
Rxe1+ 16.Qxe1 Ba6 17.Rb3 Qd7 18.Ra3 Bb7 19.Kh2 Nf8 20.Be3 Bc6 21.cxb6 axb6
22.Rxa8 Bxa8 23.Qb4 Bc6 24.h4 Qd8 25.Qa3 Ne6 26.Bh3 Qf6 27.Qc3 Bb5 28.Qb3 
Bc6 29.Qc2 Bb5 30.Qb3 Bc6 31.Qc2 Bb5 32.a4 Be8 33.Qa2 Nxd4 34.Bg2 Nf3+ 35.
Kh1 d4 36.Bf4 Nxh4 37.Be4 Ng6 38.Bxc7 Bc6 39.Qb2 Bxe4+ 40.dxe4 d3 0-1

[Event "2nd GMA World Cup prel  #1"]
[Site "Belgrade YUG"]
[Date "1988.??.??"]
[Round "?"]
[White "Vaiser, Anatoly"]
[Black "Ivanov, Jordan"]
[Result "1/2-1/2"]
[WhiteElo "2530"]
[BlackElo "2425"]
[EventDate "1988.12.??"]
[PlyCount "34"]

1.d4 d5 2.c4 dxc4 3.Nf3 Nf6 4.Nc3 c5 5.d5 e6 6.e4 exd5 7.e5 Nfd7 8.Bg5 f6 
9.exf6 gxf6 10.Qxd5 Qe7+ 11.Be3 Nb6 12.Qh5+ Qf7 13.Ne4 Be7 14.Qh6 Bf5 15.
Nxc5 Nc6 16.Nh4 Bg4 17.f3 O-O-O 1/2-1/2

[Event "2nd GMA World Cup prel  #1"]
[Site "Belgrade YUG"]
[Date "1988.??.??"]
[Round "?"]
[White "Vaiser, Anatoly"]
[Black "Nikolic, Zivoslav"]
[Result "1/2-1/2"]
[WhiteElo "2530"]
[BlackElo "2455"]
[EventDate "1988.12.??"]
[PlyCount "128"]

1.d4 d6 2.e4 e5 3.Nf3 Nc6 4.Bb5 Bd7 5.Nc3 exd4 6.Nxd4 g6 7.O-O Bg7 8.Nxc6 
Bxc6 9.Qd3 Ne7 10.Be3 O-O 11.Bd4 Bxd4 12.Qxd4 Bxb5 13.Nxb5 Nc6 14.Qd2 f5 
15.f4 fxe4 16.Qd5+ Kg7 17.Qxe4 Rf5 18.c4 a6 19.Nc3 Qd7 20.Rae1 Raf8 21.Nd5
h5 22.Rf3 Qf7 23.Qd3 Kh6 24.h3 Qg7 25.g4 R5f7 26.g5+ Kh7 27.Nf6+ Rxf6 28.
gxf6 Qxf6 29.Rg3 Rf7 30.f5 Qxf5 31.Qxf5 Rxf5 32.Re6 g5 33.Re8 Rc5 34.b3 
Ne5 35.Kf1 g4 36.hxg4 hxg4 37.a4 Kg6 38.Rf8 a5 39.Ke2 d5 40.cxd5 Rxd5 41.
Rb8 b6 42.Rc3 Rd7 43.Rb7 Nf3 44.Rbxc7 Nd4+ 45.Ke3 Rxc7 46.Rxc7 Nxb3 47.
Rc6+ Kf7 48.Rxb6 Nc5 49.Rc6 Nxa4 50.Rc7+ Ke6 51.Rc4 Nb2 52.Rc2 Na4 53.Rc4 
Nb2 54.Rxg4 Kd5 55.Rg5+ Kc6 56.Kd4 Kb6 57.Rg1 Na4 58.Kc4 Nb2+ 59.Kc3 Na4+ 
60.Kc4 Nb2+ 61.Kd4 Na4 62.Ra1 Kb5 63.Rb1+ Kc6 64.Rc1+ Kb5 1/2-1/2

[Event "2nd GMA World Cup prel  #1"]
[Site "Belgrade YUG"]
[Date "1988.??.??"]
[Round "?"]
[White "Van der Wiel, John"]
[Black "Loginov, Valery"]
[Result "1-0"]
[WhiteElo "2540"]
[BlackElo "2455"]
[EventDate "1988.12.??"]
[PlyCount "87"]

1.e4 c5 2.Nf3 d6 3.d4 cxd4 4.Nxd4 Nf6 5.Nc3 a6 6.a4 Nc6 7.Be2 e5 8.Nxc6 
bxc6 9.f4 exf4 10.Bxf4 Be6 11.O-O Be7 12.a5 O-O 13.e5 dxe5 14.Bxe5 Qxd1 
15.Rfxd1 Nd5 16.Nxd5 Bxd5 17.Bd4 Rfe8 18.c3 Bf6 19.Bf1 Bb3 20.Rd2 Red8 21.
Be3 Rxd2 22.Bxd2 c5 23.Re1 c4 24.Re4 Rc8 25.Be2 h6 26.Be3 Kh7 27.Kf2 Ba2 
28.h4 Bd8 29.Bb6 Bxb6+ 30.axb6 Rb8 31.Bxc4 Bxc4 32.Rxc4 Rxb6 33.b4 Kg6 34.
Rc5 f5 35.Kf3 Kf6 36.h5 Kg5 37.g4 Rb5 38.Rxb5 axb5 39.gxf5 Kxf5 40.Ke3 Ke6
41.c4 bxc4 42.Kd4 Kd6 43.Kxc4 Kc6 44.b5+ 1-0

[Event "2nd GMA World Cup prel  #1"]
[Site "Belgrade YUG"]
[Date "1988.??.??"]
[Round "?"]
[White "Van der Wiel, John"]
[Black "Moskalenko, Viktor"]
[Result "1/2-1/2"]
[WhiteElo "2540"]
[BlackElo "2475"]
[EventDate "1988.12.??"]
[PlyCount "120"]

1.e4 e6 2.d4 d5 3.Nc3 Nf6 4.Bg5 Be7 5.e5 Nfd7 6.Bxe7 Qxe7 7.f4 a6 8.Qh5 c5
9.Nf3 cxd4 10.Nxd4 Nc6 11.O-O-O Nxd4 12.Rxd4 Nb6 13.Bd3 Qc5 14.Ne2 Bd7 15.
Qg5 g6 16.Qf6 Rg8 17.Qh4 h5 18.Kb1 Bb5 19.Qg3 Rc8 20.Bxb5+ Qxb5 21.Nc1 Nc4
22.Qb3 Qc5 23.Rhd1 b5 24.Qd3 a5 25.Qe2 b4 26.Nb3 Qb6 27.R4d3 a4 28.Nd2 Ke7
29.Qe1 Nxd2+ 30.Qxd2 Rc7 31.Rd4 Rb8 32.f5 b3 33.c3 bxa2+ 34.Ka1 a3 35.Rb4 
Qa7 36.Rxb8 Qxb8 37.b4 gxf5 38.Qg5+ Kd7 39.Qxh5 Kc6 40.Qe2 Kb6 41.Qe3+ Kb7
42.Kxa2 Qc8 43.Rd3 Rc4 44.Kxa3 Re4 45.Qd2 Qc4 46.Re3 Rh4 47.Qd3 Qxd3 48.
Rxd3 Rxh2 49.Rg3 Rh1 50.Rg7 Re1 51.g4 fxg4 52.Rxf7+ Kc6 53.Rg7 Re3 54.Kb2 
g3 55.Kc2 d4 56.cxd4 Kd5 57.Rg4 Kc4 58.Kd2 Rb3 59.Ke2 Kd5 60.b5 Rxb5 
1/2-1/2

[Event "2nd GMA World Cup prel  #1"]
[Site "Belgrade YUG"]
[Date "1988.??.??"]
[Round "?"]
[White "Vanheste, Jeroen"]
[Black "Lobron, Eric"]
[Result "0-1"]
[WhiteElo "2390"]
[BlackElo "2530"]
[EventDate "1988.12.??"]
[PlyCount "123"]

1.d4 Nf6 2.c4 d6 3.Nc3 Nbd7 4.e4 e5 5.Nf3 Be7 6.Be2 O-O 7.O-O c6 8.Qc2 a6 
9.d5 cxd5 10.cxd5 b5 11.Be3 Qc7 12.a3 Ng4 13.Bd2 Nb6 14.h3 Nf6 15.Rac1 Bd7
16.Be3 Rfc8 17.Nd2 Bd8 18.Qb3 Qb8 19.Na2 Qb7 20.Nb4 Na4 21.Kh2 Bb6 22.
Rxc8+ Rxc8 23.Bg5 Nc5 24.Qf3 Bd8 25.Rc1 Ng4+ 26.hxg4 Bxg5 27.Rc2 g6 28.Nf1
a5 29.Nd3 Nxd3 30.Qxd3 Rxc2 31.Qxc2 Qb6 32.Kg1 a4 33.g3 Kf8 34.Qc3 Ke7 35.
Ne3 Kd8 36.Kf1 Qc7 37.Ke1 h6 38.Kd2 Qb6 39.Kc2 Ke8 40.Kb1 Bd8 41.f4 Qa5 
42.fxe5 Qxc3 43.bxc3 dxe5 44.Nc2 Bb6 45.Nb4 Bf2 46.Nc6 Bxg3 47.Nb8 Bc8 48.
Bxb5+ Ke7 49.Be2 f5 50.gxf5 gxf5 51.c4 Bf2 52.Nc6+ Kf6 53.exf5 Bc5 54.Bd1 
Bxa3 55.Bxa4 h5 56.Kc2 h4 57.Kd3 h3 58.Bd1 Bxf5+ 59.Ke3 e4 60.Kf2 Bc5+ 61.
Kf1 e3 62.Bf3 0-1

[Event "2nd GMA World Cup prel  #1"]
[Site "Belgrade YUG"]
[Date "1988.??.??"]
[Round "?"]
[White "Vanheste, Jeroen"]
[Black "Ninov, Kiril"]
[Result "0-1"]
[WhiteElo "2390"]
[BlackElo "2515"]
[EventDate "1988.12.??"]
[PlyCount "72"]

1.d4 d5 2.c4 c6 3.Nc3 dxc4 4.Nf3 Nf6 5.e4 b5 6.e5 Nd5 7.a4 e6 8.axb5 Nxc3 
9.bxc3 cxb5 10.Ng5 Bb7 11.Qh5 g6 12.Qg4 h6 13.Ne4 Nd7 14.Be2 a5 15.O-O Bd5
16.Bf3 Ra6 17.Nd6+ Bxd6 18.Bxd5 Bxe5 19.Bb7 Bxh2+ 20.Kh1 Rb6 21.Bf3 Bd6 
22.Rxa5 Kf8 23.Be3 Nf6 24.Qh3 Nd5 25.Bxd5 exd5 26.Rb1 b4 27.Rxd5 bxc3 28.
Rc1 Qb8 29.Rxc3 Rb1+ 30.Rc1 Rxc1+ 31.Bxc1 Kg7 32.Qc3 Rc8 33.Qe3 g5 34.Rf5 
Qb3 35.Qe2 Re8 36.Be3 Qb1+ 0-1

[Event "2nd GMA World Cup prel  #1"]
[Site "Belgrade YUG"]
[Date "1988.??.??"]
[Round "?"]
[White "Vasiljevic, Dragan"]
[Black "Todorovic, Goran M."]
[Result "1/2-1/2"]
[WhiteElo "2325"]
[BlackElo "2425"]
[EventDate "1988.12.??"]
[PlyCount "126"]

1.d4 d5 2.Nf3 e6 3.Bf4 c5 4.e3 Nc6 5.c3 Bd6 6.Bg3 Nf6 7.Nbd2 Qe7 8.Ne5 O-O
9.Bd3 Nd7 10.Nxd7 Bxd7 11.f4 f5 12.O-O a6 13.Nf3 b5 14.Bh4 Qe8 15.Ne5 Nxe5
16.fxe5 Be7 17.Bxe7 Qxe7 18.Qe1 a5 19.a3 Rfc8 20.Qd2 Be8 21.Be2 c4 22.Ra2 
Ra7 23.Rfa1 Rb7 24.Bf3 g5 25.Qf2 Bg6 26.Qg3 Rf8 27.h4 gxh4 28.Qf4 Kh8 29.
Kh2 Rg8 30.Kh3 Bf7 31.Qxh4 Rg5 32.Rh1 Rb8 33.Raa1 Rbg8 34.Rag1 Be8 35.g3 
Qg7 36.Qf4 Qg6 37.Qh4 Qg7 38.Qf4 Bf7 39.Kh2 Qh6+ 40.Kg2 Rxg3+ 41.Kf2 Qxf4 
42.exf4 Rxg1 43.Rxg1 Rb8 44.Ke3 b4 45.axb4 axb4 46.Rc1 bxc3 47.bxc3 Rb2 
48.Bd1 Rh2 49.Bf3 Kg7 50.Rg1+ Kf8 51.Rg2 Rh4 52.Ra2 Rh3 53.Ra8+ Kg7 54.Kf2
Rh2+ 55.Bg2 Rh4 56.Bf3 Rh2+ 57.Bg2 Rh6 58.Ra7 Kf8 59.Ra8+ Be8 60.Ra7 Bh5 
61.Ra8+ Ke7 62.Ra7+ Kd8 63.Ra6 Rg6 1/2-1/2

[Event "2nd GMA World Cup prel  #1"]
[Site "Belgrade YUG"]
[Date "1988.??.??"]
[Round "?"]
[White "Vasiukov, Evgeny"]
[Black "Rogic, Davor"]
[Result "1-0"]
[WhiteElo "2485"]
[BlackElo "2285"]
[EventDate "1988.12.??"]
[PlyCount "75"]

1.e4 e5 2.Nf3 Nc6 3.Bc4 Bc5 4.c3 Nf6 5.b4 Bb6 6.d3 d6 7.a4 a5 8.b5 Ne7 9.
O-O Ng6 10.Na3 O-O 11.Re1 c6 12.bxc6 bxc6 13.h3 h6 14.Bb3 Re8 15.Nc4 Bc7 
16.Ne3 d5 17.Qc2 Nf4 18.Nf1 dxe4 19.dxe4 N6h5 20.Ng3 Qf6 21.Nxh5 Nxh5 22.
Qe2 Bb6 23.Rb1 Ba7 24.Be3 Bxe3 25.Qxe3 Nf4 26.Kh2 Qg6 27.Nh4 Qh5 28.Qg3 
Kh7 29.Bd1 Qg5 30.Rb6 Qd8 31.Rxc6 Bb7 32.Nf5 g6 33.Rd6 Qc7 34.Qh4 Kg8 35.
Qxh6 gxf5 36.Re3 Re6 37.Rg3+ Ng6 38.Rxe6 1-0

[Event "2nd GMA World Cup prel  #1"]
[Site "Belgrade YUG"]
[Date "1988.??.??"]
[Round "?"]
[White "Velickovic, Sasa"]
[Black "Cabrilo, Goran"]
[Result "1/2-1/2"]
[WhiteElo "2415"]
[BlackElo "2510"]
[EventDate "1988.12.??"]
[PlyCount "34"]

1.e4 c5 2.b3 Nc6 3.Bb2 e6 4.Nf3 d6 5.g3 Nf6 6.Qe2 e5 7.Bg2 Be7 8.O-O O-O 
9.d3 h6 10.Nbd2 Be6 11.c3 Nd7 12.Rfd1 Bf6 13.Nc4 Nb6 14.Ne3 d5 15.exd5 
Nxd5 16.Nxd5 Bxd5 17.c4 Bxf3 1/2-1/2

[Event "2nd GMA World Cup prel  #1"]
[Site "Belgrade YUG"]
[Date "1988.??.??"]
[Round "?"]
[White "Velickovic, Sasa"]
[Black "Gruenfeld, Yehuda"]
[Result "1-0"]
[WhiteElo "2415"]
[BlackElo "2520"]
[EventDate "1988.12.??"]
[PlyCount "91"]

1.e4 c5 2.b3 d6 3.Bb2 Nf6 4.Nc3 Nc6 5.f4 Bg4 6.Be2 Bxe2 7.Qxe2 e6 8.Nf3 
Be7 9.O-O-O Nd4 10.Qe3 Ng4 11.Qg1 Bf6 12.h3 Nh6 13.Qe3 Nxf3 14.Qxf3 Bd4 
15.g4 f6 16.Kb1 Nf7 17.Bc1 c4 18.Ne2 Bb6 19.bxc4 Qc7 20.Qb3 O-O 21.d3 Rab8
22.f5 e5 23.Nc3 Bc5 24.h4 Qd8 25.Ba3 Bd4 26.Nb5 Bc5 27.d4 exd4 28.Nxd4 Qa5
29.Bxc5 dxc5 30.Ne6 Rfc8 31.Qg3 Ne5 32.g5 b5 33.gxf6 bxc4+ 34.Ka1 Ng4 35.
f7+ Kxf7 36.Rd7+ Ke8 37.Rhd1 Qb4 38.Nxg7+ Kf8 39.Ne6+ Ke8 40.Ng7+ Kf8 41.
Ne6+ Ke8 42.Ng7+ Kf8 43.Ne6+ Ke8 44.Re7+ Kxe7 45.Qd6+ Kf7 46.Qd7+ 1-0

[Event "2nd GMA World Cup prel  #1"]
[Site "Belgrade YUG"]
[Date "1988.??.??"]
[Round "?"]
[White "Velickovic, Sasa"]
[Black "Kovacevic, Vlatko"]
[Result "0-1"]
[WhiteElo "2415"]
[BlackElo "2515"]
[EventDate "1988.12.??"]
[PlyCount "80"]

1.e4 e6 2.d4 d5 3.exd5 exd5 4.Qf3 Nf6 5.Nc3 Bg4 6.Qg3 c6 7.Bg5 Nbd7 8.f3 
Be6 9.Bd3 Be7 10.Nge2 h6 11.Bxf6 Bxf6 12.O-O-O O-O 13.f4 Nb6 14.Qf3 Qc8 
15.Rhg1 Bg4 16.Qf2 Re8 17.Rde1 a5 18.Ng3 Bh4 19.h3 Bd7 20.Qf3 Qc7 21.Rd1 
Re7 22.Nh5 Rae8 23.g3 Re3 24.Qf1 Bd8 25.g4 Bh4 26.f5 Qh2 27.Rh1 Qd6 28.Kb1
Nc8 29.Ne2 b5 30.Nhf4 Qf6 31.Ng2 R3e7 32.Nxh4 Qxh4 33.Nf4 Nd6 34.Nh5 f6 
35.Nf4 Qg3 36.Rg1 Qe3 37.h4 Ne4 38.Bxe4 Rxe4 39.Nd3 Rxd4 40.Re1 Qxe1+ 0-1

[Event "2nd GMA World Cup prel  #1"]
[Site "Belgrade YUG"]
[Date "1988.??.??"]
[Round "?"]
[White "Velikov, Petar"]
[Black "Ilic, Zoran"]
[Result "1-0"]
[WhiteElo "2485"]
[BlackElo "2360"]
[EventDate "1988.12.??"]
[PlyCount "79"]

1.c4 e5 2.Nc3 Nc6 3.Nf3 g6 4.g3 Bg7 5.Bg2 d6 6.Rb1 f5 7.O-O Nf6 8.d3 O-O 
9.b4 a6 10.a4 h6 11.b5 axb5 12.axb5 Ne7 13.c5 Be6 14.cxd6 cxd6 15.Bb2 g5 
16.Ra1 Rb8 17.Qa4 f4 18.Ne4 Ne8 19.d4 Ng6 20.dxe5 dxe5 21.Ba3 Rf7 22.Rfd1 
Qb6 23.Bc5 Qc7 24.Rac1 Rc8 25.Ba3 Qb8 26.Nc5 Qa8 27.Qxa8 Rxa8 28.Bb4 Bf8 
29.Nd2 Bxc5 30.Bxc5 Nf6 31.Ne4 Nxe4 32.Bxe4 Kg7 33.Rd6 Nf8 34.Rb6 Bc8 35.
Bd6 Nd7 36.Bxb7 Nxb6 37.Bxa8 Kf6 38.Rc6 Nxa8 39.Rxc8 Nb6 40.Rc6 1-0

[Event "2nd GMA World Cup prel  #1"]
[Site "Belgrade YUG"]
[Date "1988.??.??"]
[Round "?"]
[White "Velikov, Petar"]
[Black "Ivanovic, Bozidar"]
[Result "0-1"]
[WhiteElo "2485"]
[BlackElo "2540"]
[EventDate "1988.12.??"]
[PlyCount "44"]

1.d4 Nf6 2.c4 c5 3.d5 g6 4.Nc3 Bg7 5.e4 d6 6.Nf3 O-O 7.Be2 e6 8.O-O exd5 
9.cxd5 Bg4 10.Bf4 a6 11.a4 Re8 12.h3 Bxf3 13.Bxf3 Qe7 14.Re1 Nbd7 15.Qc2 
h5 16.b3 Nh7 17.Bd2 Bd4 18.Rac1 Qh4 19.Nd1 Ng5 20.Bxg5 Qxg5 21.Be2 Nf6 22.
Bc4 Nxe4 0-1

[Event "2nd GMA World Cup prel  #1"]
[Site "Belgrade YUG"]
[Date "1988.??.??"]
[Round "?"]
[White "Velikov, Petar"]
[Black "Maric, Dragan"]
[Result "1-0"]
[WhiteElo "2485"]
[BlackElo "2370"]
[EventDate "1988.12.??"]
[PlyCount "87"]

1.Nf3 Nc6 2.d4 Nf6 3.g3 d6 4.Bg2 e5 5.c4 Bg4 6.d5 Ne7 7.Nc3 g6 8.h3 Bd7 9.
O-O Bg7 10.e4 O-O 11.Ne1 Ne8 12.Nd3 f5 13.f4 c5 14.Kh2 Qc7 15.fxe5 dxe5 
16.Be3 b6 17.Qd2 Nd6 18.b3 Rae8 19.Rae1 Qc8 20.Bg5 Nf7 21.Be3 Nd6 22.Re2 
fxe4 23.Rxf8+ Rxf8 24.Nf2 Ndf5 25.Nfxe4 Nxe3 26.Qxe3 Nf5 27.Qd3 h5 28.Rf2 
Bh6 29.Nb5 h4 30.g4 Ne7 31.d6 Nc6 32.g5 Bg7 33.Nf6+ Bxf6 34.gxf6 Kf7 35.
Be4 Rg8 36.Qd5+ Kf8 37.Nc7 g5 38.Bh7 Rh8 39.Bg6 Nd8 40.Qxe5 Ne6 41.Nxe6+ 
Bxe6 42.Qxg5 Qd7 43.Qe5 Rh6 44.Bf5 1-0

[Event "2nd GMA World Cup prel  #1"]
[Site "Belgrade YUG"]
[Date "1988.??.??"]
[Round "?"]
[White "Velikov, Petar"]
[Black "Van der Wiel, John"]
[Result "1/2-1/2"]
[WhiteElo "2485"]
[BlackElo "2540"]
[EventDate "1988.12.??"]
[PlyCount "138"]

1.Nf3 Nf6 2.c4 c6 3.d4 d5 4.e3 Bf5 5.Nc3 e6 6.Bd3 Bxd3 7.Qxd3 Bb4 8.O-O 
Nbd7 9.a3 Bxc3 10.Qxc3 O-O 11.Qc2 b5 12.cxb5 cxb5 13.Bd2 Qb8 14.Rfc1 Rc8 
15.Qd3 Qb7 16.Be1 Rc6 17.Rxc6 Qxc6 18.Qc3 Qxc3 19.Bxc3 Ne4 20.Rc1 Rc8 21.
Bd2 Rxc1+ 22.Bxc1 a5 23.Ne1 a4 24.Kf1 Nb8 25.Ke2 Nc6 26.Nd3 f6 27.Bd2 Nd6 
28.Nb4 Nxb4 29.Bxb4 Nc4 30.Kd3 Kf7 31.Kc3 Ke8 32.b3 axb3 33.Kxb3 Kd7 34.
Bf8 g6 35.Kb4 Kc6 36.Be7 Nb2 37.Bxf6 Nd3+ 38.Ka5 Nxf2 39.Bg5 Ne4 40.Bh6 
Nd6 41.Bf4 Ne4 42.Bh6 Nf2 43.Bf4 Nd3 44.g3 Ne1 45.Kb4 Nf3 46.h4 Nh2 47.Ka5
Ng4 48.Kb4 Nf6 49.Be5 Nd7 50.Bf4 Nb6 51.Bg5 Nc8 52.Bf4 Kb6 53.Bg5 Nd6 54.
Bd8+ Kc6 55.Bg5 Nf5 56.Bf4 Kb6 57.Kb3 Ne7 58.Kc3 Nc6 59.Bd6 Kb7 60.Kd3 Kc8
61.Bc5 Kd7 62.e4 Nd8 63.Ke3 Nf7 64.exd5 exd5 65.Kf4 Ke6 66.g4 Kf6 67.Bb6 
Nd6 68.Bd8+ Ke6 69.Ba5 Nf7 1/2-1/2

[Event "2nd GMA World Cup prel  #1"]
[Site "Belgrade YUG"]
[Date "1988.??.??"]
[Round "?"]
[White "Velimirovic, Dragoljub"]
[Black "Moskalenko, Viktor"]
[Result "1/2-1/2"]
[WhiteElo "2540"]
[BlackElo "2475"]
[EventDate "1988.12.??"]
[PlyCount "63"]

1.e4 e6 2.d4 d5 3.Nc3 Nf6 4.e5 Nfd7 5.Nce2 c5 6.c3 Nc6 7.Nf3 cxd4 8.cxd4 
f6 9.Nf4 Bb4+ 10.Bd2 Qe7 11.Bxb4 Qxb4+ 12.Qd2 Qe7 13.exf6 Nxf6 14.Bd3 Ne4 
15.Qe3 Qb4+ 16.Kf1 O-O 17.Re1 Qxb2 18.Bxe4 dxe4 19.Qxe4 Qxa2 20.g4 Nb4 21.
Re2 Qa5 22.h4 Nd5 23.Ng5 Nf6 24.Qd3 b6 25.Nh5 g6 26.Nxh7 Kxh7 27.Nf4 Ba6 
28.Qxg6+ Kh8 29.Qh6+ Nh7 30.Ng6+ Kg8 31.Ne7+ Kh8 32.Ng6+ 1/2-1/2

[Event "2nd GMA World Cup prel  #1"]
[Site "Belgrade YUG"]
[Date "1988.??.??"]
[Round "?"]
[White "Veroci-Petronic, Zsuzsa"]
[Black "Maksimovic, Branimir"]
[Result "0-1"]
[WhiteElo "2330"]
[BlackElo "2435"]
[EventDate "1988.12.??"]
[PlyCount "92"]

1.e4 e6 2.d4 d5 3.e5 c5 4.c3 Nc6 5.Nf3 Nge7 6.Bd3 Nf5 7.dxc5 Nh4 8.Nxh4 
Qxh4 9.Qe2 Bxc5 10.O-O O-O 11.b4 Bb6 12.b5 Na5 13.Nd2 f5 14.Nf3 Qh5 15.Ba3
Re8 16.Bb4 Bd7 17.Rad1 Rad8 18.Bxa5 Bxa5 19.c4 dxc4 20.Bxc4 Bc8 21.Rxd8 
Rxd8 22.Rd1 Qe8 23.h3 Bb6 24.Qc2 Rxd1+ 25.Qxd1 Qe7 26.Qd6 Kf7 27.Qd3 Ke8 
28.Qe2 h6 29.h4 Bd7 30.g3 Qc5 31.Bd3 Ke7 32.a4 Be8 33.Qc2 Qd5 34.Be2 Bh5 
35.Kg2 g5 36.hxg5 hxg5 37.Qd1 Qc5 38.Qe1 g4 39.Nh4 Qxe5 40.Qb4+ Bc5 41.Qd2
Qd4 42.Qxd4 Bxd4 43.f3 Kd6 44.Bc4 Bf6 45.fxg4 Bxg4 46.Nf3 e5 0-1